Political economy of environment: problems of method, Papers presented at the symposium held at the Maison des sciences de lメhomme, Paris, 5-8 July, 197 (Record no. 411140)

000 -LEADER
fixed length control field 00575cam a22001337a 4500
008 - FIXED-LENGTH DATA ELEMENTS--GENERAL INFORMATION
fixed length control field 180718bue19 xxu||||| |||| 00| 0 eng d
082 ## - DEWEY DECIMAL CLASSIFICATION NUMBER
Classification number 2O91 F8
245 ## - TITLE STATEMENT
Title Political economy of environment: problems of method, Papers presented at the symposium held at the Maison des sciences de lメhomme, Paris, 5-8 July, 197
260 ## - PUBLICATION, DISTRIBUTION, ETC.
Place of publication, distribution, etc. 1.Par
Name of publisher, distributor, etc. isThe Hag
Date of publication, distribution, etc. ue19
300 ## - PHYSICAL DESCRIPTION
Extent 7223
440 ## - SERIES STATEMENT/ADDED ENTRY--TITLE
Title 7pEnvieonment and social sciences environment et sciences sociales;
650 ## - SUBJECT ADDED ENTRY--TOPICAL TERM
Topical term or geographic name entry element National income -Accounting -Congresse
650 ## - SUBJECT ADDED ENTRY--TOPICAL TERM
Topical term or geographic name entry element 44Environmental policy -Cost effectiveness -Congresses
Holdings
Withdrawn status Lost status Damaged status Not for loan Permanent Location Current Location Date acquired Full call number Barcode Date last seen Price effective from Koha item type
        Indian Institute of Public Administration Indian Institute of Public Administration 2009-01-28 O91 F844 DA4261 2018-07-21 2018-07-21 DA

Powered by Koha